All Bayern Munchen Players of the 2000's - Statistics

General Stats
  • This quiz has been taken 64 times
  • The average score is 35 of 78
Answer Stats
Position Nation Answer Previous Club % Correct
GK Germany Oliver Kahn Karlsruher SC
96%
MID France Franck Ribery Olympique Marseille
86%
DEF Germany Philipp Lahm Stuttgart
86%
ATT Peru Claudio Pizarro Werder Bremen
82%
ATT Italy Luca Toni Fiorentina
82%
DEF/MID France Bixente Lizarazu Athletic Club/Olympique Marseille
80%
MID Germany Bastian Schweinsteiger TSV Rosenheim
79%
MID Germany Thomas Muller TSV Pahl
79%
MID Turkey Hamit Altintop Schalke 04
77%
GK Germany Hans-Jorg Butt Benfica
77%
DEF Brazil Lucio Bayer Leverkusen
77%
DEF Belgium Daniel Van Buyten Hamburger SV
75%
DEF Argentina Martin Demichelis River Plate
75%
ATT Germany Miroslav Klose Werder Bremen
75%
ATT Brazil Giovane Elber Stuttgart
71%
ATT Germany Lukas Podolski 1. FC Koln
71%
MID The Netherlands Mark Van Bommel Barcelona
71%
MID Germany Michael Ballack Bayer Leverkusen
71%
MID Brazil Zè Roberto Bayer Leverkusen
71%
DEF France Willy Sagnol AS Monaco
68%
ATT The Netherlands Roy Maakay Deportivo La Coruna
66%
GK Germany Michael Rensing Tus Lingen
61%
MID Germany Stefan Effenberg Borussia Monchengladbach
61%
MID/ATT Bosnia Hasan Salihamidzic Hamburger SV
59%
DEF Sweden Patrik Andersson Borussia Monchengladbach
59%
DEF Ghana Samuel Kuffour 1. FC Nurnberg
59%
MID Croatia Niko Kovac Hamburger SV
57%
DEF Croatia Robert Kovac Bayer Leverkusen
57%
MID Iran Ali Karimi Al-Ahly
54%
MID Germany Mehmet Scholl Karlsruher SV
54%
MID Germany Torsten Frings Borussia Dortmund
52%
DEF Brazil Breno Sao Paulo
50%
DEF Germany Thomas Linke Schalke 04
50%
ATT Paraguay Roque Cruz Olimpia Asuncion
48%
MID Germany Sebastian Deisler Herta Berlin
48%
MID Germany Tim Borowski Werder Bremen
48%
MID Germany Toni Kroos Hansa Rostock
48%
ATT Germany Carsten Jancker Rapid Wien
45%
DEF/MID Germany Jens Jeremies Munchen 1860
45%
ATT Iran Vahid Hashemian Bochum
45%
DEF France Valerien Ismael Werder Bremen
45%
DEF Germany Christian Lell Alemannia Munchen
43%
MID Argentina Josè Sosa Estudiantes de la Plata
43%
MID Canada Owen Lee Hargreaves Calgary Foothills
43%
GK Germany Thomas Kraft SG Betzdorf
43%
DEF/MID Switzerland Ciriaco Sforza 1. FC Kaiserslautern
41%
ATT Germany Jan Schlaudraff Aachen
41%
DEF Italy Massimo Oddo AC Milan
41%
ATT Brazil Paulo Sergio Roma
41%
ATT Germany Alexander Zickler Dynamo Dresden
39%
GK Germany Bernd Dreher KFC Uerdingen
39%
MID Germany Michael Tarnat Karlsruher SV
39%
MID Germany Andreas Ottl SV Nord Lerchenau
36%
DEF Germany Marcell Jansen Borussia Monchengladbach
32%
GK Germany Stefan Wessels Tus Lingen
29%
DEF Germany Andreas Gorlitz Munchen 1860
27%
MID Guinea Pablo Thiam Stuttgart
23%
MID Germany Thorsten Fink Karlsruher SC
23%
DEF Germany Tobias Rau Wolfsburg
23%
ATT Bosnia (Yugoslavia) Zvjezdan Misimovic SV Gartenstadt Trudering
23%
MID Germany Piotr Trochowski FC St. Pauli
18%
MID Paraguay Julio Dos Santos Cerro Porteno
16%
ATT Germany Sandro Wagner Herta Berlin
16%
MID Germany Markus Feulner 1. FC Bamberg
13%
MID Germany Michael Wiesinger 1. FC Nurnberg
13%
ATT Turkey Berkant Goktan Arminia Bielefeld
9%
ATT Italy Antonio Di Salvo Padeborn 07
7%
GK Germany Jan Schlosser Eintracht Frankfurt
7%
ATT Peru Jose Paolo Gonzales Alianza Lima
7%
MID Germany Steffen Hofmann Wurzburger FV
7%
DEF/MID France Alou Diarra CS Louhans-Cuiseaux
5%
DEF Ghana Christian Saba Arminia Bielefeld
5%
DEF Germany Stephan Kling -
5%
ATT Germany Florian Heller TSV Rosenheim
4%
MID Germany Patrick Molzl Munchen 1860
4%
DEF Germany Sebastian Backer TSV Zorneding
4%
MID Poland Slawomir Wojciechowski FC Aarau
4%
MID Germany Stephan Furstner MTV Diessen
4%
No matching quizzes found
Score Distribution
Percent of People with Each Score
Percentile by Number Answered
Your Score History
You have not taken this quiz